000 00806nab a2200241u 4500
001 18284
003 HDC
007 c| |||a|c|aaaa
008 210225b20140822my ||||| |||| 00| 0 may d
040 _aHDC
100 _aAhmad Fiesal Othman /
_eauthor
_99014
245 0 _aPembiayaan Islam diunjur naik /
_cAhmad Fiesal Othman
336 _atext
_2rdacontent
337 _acomputer
_2rdamedia
338 _aonline resource
_2rdacarrier
650 _aCentral Bank of Malaysia
_915818
650 _aNational Key Economic Area (NKEA)
_917218
710 _aBERITA HARIAN
856 _zRequest full-text at [email protected]
942 _2lcc
942 _cNEWS
942 _kNWSC 005063
999 _c15600
_d15600